|
|
|
|
| LEADER |
01714nam a2200397 i 4500 |
| 001 |
EBC4649496 |
| 003 |
MiAaPQ |
| 005 |
20200917021826.0 |
| 006 |
m o d | |
| 007 |
cr cnu|||||||| |
| 008 |
160904t20162016enka o 000 0 eng d |
| 020 |
|
|
|z 9781786357984
|
| 020 |
|
|
|a 9781786357991 (e-book)
|
| 035 |
|
|
|a (MiAaPQ)EBC4649496
|
| 035 |
|
|
|a (Au-PeEL)EBL4649496
|
| 035 |
|
|
|a (CaPaEBR)ebr11250336
|
| 035 |
|
|
|a (OCoLC)957437310
|
| 040 |
|
|
|a MiAaPQ
|b eng
|e rda
|e pn
|c MiAaPQ
|d MiAaPQ
|
| 043 |
|
|
|a n-us---
|
| 050 |
|
4 |
|a UA23
|b .B54 2016
|
| 082 |
0 |
|
|a 355.0330045
|2 23
|
| 245 |
0 |
0 |
|a Big strategy and little strategy.
|
| 264 |
|
1 |
|a [West Yorkshire, England] :
|b Emerald Group Publishing Limited,
|c 2016.
|
| 264 |
|
4 |
|c 2016
|
| 300 |
|
|
|a 1 online resource (76 pages) :
|b illustrations (some color).
|
| 336 |
|
|
|a text
|2 rdacontent
|
| 337 |
|
|
|a computer
|2 rdamedia
|
| 338 |
|
|
|a online resource
|2 rdacarrier
|
| 490 |
0 |
|
|a Journal of Communication Management,
|x 1363-254X ;
|v Volume 20, Number 3
|
| 588 |
|
|
|a Description based on online resource; title from PDF cover (ebrary, viewed September 3, 2016).
|
| 590 |
|
|
|a Electronic reproduction. Ann Arbor, MI : ProQuest, 2016. Available via World Wide Web. Access may be limited to ProQuest affiliated libraries.
|
| 650 |
|
0 |
|a Strategy
|z United States.
|
| 655 |
|
4 |
|a Electronic books.
|
| 776 |
0 |
8 |
|i Print version:
|t Big strategy and little strategy.
|d [West Yorkshire, England] : Emerald Group Publishing Limited, c2016
|h 1 volume (various pagings)
|k Journal of Communication Management ; Volume 20, Number 3
|z 9781786357984
|
| 797 |
2 |
|
|a ProQuest (Firm)
|
| 856 |
4 |
0 |
|u https://ebookcentral.proquest.com/lib/matrademy/detail.action?docID=4649496
|z Click to View
|